000 00438nam a2200181Ia 4500
001 8047
003 IN-NITTTR
005 20251114233034.0
008 251113s9999||||xx |||||||||||||| ||eng||
040 _beng
040 _cIN-NITTTR
041 _aeng
082 _a526 W889T
100 _aWorthington, D. R.
245 0 _aTechniques in map analysis /
_cWorthington, D. R., Gant, Robert
700 _a Gant, Robert
942 _2ddc
_cBK
999 _c10685
_d10685